[Event "EIWCC 2017"]
[Site "Riga"]
[Date "2017.04.14"]
[Round "4"]
[White "Zherebtsova, Alexandra"]
[Black "Yildiz, Betul Cemre"]
[Result "1-0"]
[WhiteElo "2222"]
[BlackElo "2367"]
[Annotator "NA"]
[PlyCount "65"]
[EventDate "2017.??.??"]
[EventType "swiss"]
[EventCountry "LAT"]
[SourceTitle "playchess.com"]
[Source "ChessBase"]
[SourceQuality "1"]
[TimeControl "40/5400+30:1800+30"]

1. d4 {[%emt 0:00:00]} Nf6 {[%emt 0:00:05]} 2. Nf3 {[%emt 0:00:00]} e6 {[%emt 0:00:04]} 3. c4 {[%emt 0:00:00]} b6 {[%emt 0:00:03]} 4. a3 {[%emt 0:00:00]} Bb7 {[%emt 0:00:07]} 5. Nc3 {[%emt 0:00:00]} d5 {[%emt 0:00:34]} 6. cxd5 {[%emt 0:00:00]} Nxd5 {[%emt 0:00:06]} 7. Qc2 {[%emt 0:00:10]} Nd7 {[%emt 0:00:27]} 8. e4 {[%emt 0:12:16]} Nxc3 {[%emt 0:00:12]} 9. bxc3 {[%emt 0:00:04]} c5 {[%emt 0:00:05]} 10. Bd3 {[%emt 0:06:03]} cxd4 {[%emt 0:00:22]} 11. cxd4 {[%emt 0:00:07]} Rc8 {[%emt 0:00:08]} 12. Qe2 {[%emt 0:03:43]} Be7 {[%emt 0:04:08]} 13. O-O {[%emt 0:00:56]} O-O {[%emt 0:01:49]} 14. Bb2 {[%emt 0:03:14]} Nf6 {[%emt 0:10:40]} 15. Ne5 {[%emt 0:03:59]} Qc7 {[%emt 0:02:40]} 16. f4 {[%emt 0:13:29]} a6 {[%emt 0:19:00]} 17. Rf3 {[%emt 0:07:08]} b5 {[%emt 0:00:59]} 18. Rg3 {[%emt 0:14:36]} Rfd8 {[%emt 0:05:47]} 19. Rf1 {[%emt 0:08:21]} Qb6 {[%emt 0:10:32]} 20. Kh1 {[%emt 0:02:05]} b4 {[%emt 0:04:10]} 21. a4 {[%emt 0:06:11]} Qa5 {[%emt 0:16:24]} 22. f5 {[%emt 0:03:12]} exf5 {[%emt 0:08:15]} 23. Rxf5 {[%emt 0:00:59]} Qxa4 {[%emt 0:00:04]} 24. Bc4 {[%emt 0:05:14]} Bxe4 {[%emt 0:09:46]} 25. Bxf7+ {[%emt 0:02:39]} Kf8 {[%emt 0:00:04]} 26. Bb3 {[%emt 0:02:22]} Qxb3 {[%emt 0:00:26]} 27. Rxf6+ {[%emt 0:00:54]} gxf6 {[%emt 0:02:09]} 28. Rxb3 {[%emt 0:00:14]} Bd5 {[%emt 0:00:23]} 29. Rh3 {[%emt 0:04:50]} fxe5 {[%emt 0:00:52]} 30. Rxh7 {[%emt 0:00:18]} e4 {[%emt 0:02:54]} 31. Qh5 {[%emt 0:01:06]} Rc6 {[%emt 0:00:42]} 32. Rh8+ {[%emt 0:00:41]} Bg8 {[%emt 0:00:14]} 33. Qh7 {[%emt 0:00:27]} 1-0

[Event "EIWCC 2017"]
[Site "Riga"]
[Date "2017.04.14"]
[Round "4"]
[White "Movileanu, Daniela"]
[Black "Parhomenko, Margarita"]
[Result "1-0"]
[WhiteElo "2213"]
[BlackElo "1987"]
[Annotator "NA"]
[PlyCount "73"]
[EventDate "2017.??.??"]
[EventType "swiss"]
[EventCountry "LAT"]
[SourceTitle "playchess.com"]
[Source "ChessBase"]
[SourceQuality "1"]
[TimeControl "40/5400+30:1800+30"]

1. e4 {[%emt 0:00:00]} c6 {[%emt 0:00:04]} 2. d4 {[%emt 0:00:00]} d5 {[%emt 0:00:04]} 3. Nd2 {[%emt 0:00:00]} dxe4 {[%emt 0:00:09]} 4. Nxe4 {[%emt 0:00:02]} Nf6 {[%emt 0:00:23]} 5. Nxf6+ {[%emt 0:00:41]} gxf6 {[%emt 0:00:14]} 6. c3 {[%emt 0:01:01]} Bf5 {[%emt 0:01:12]} 7. Nf3 {[%emt 0:01:56]} Rg8 {[%emt 0:08:21]} 8. g3 {[%emt 0:04:12]} Nd7 {[%emt 0:03:15]} 9. Bg2 {[%emt 0:00:52]} e6 {[%emt 0:00:28]} 10. Bf4 {[%emt 0:04:33]} Nb6 {[%emt 0:01:29]} 11. O-O {[%emt 0:01:52]} Bd6 {[%emt 0:02:26]} 12. Bxd6 {[%emt 0:06:10]} Qxd6 {[%emt 0:00:07]} 13. Nh4 {[%emt 0:05:06]} Bg4 {[%emt 0:06:18]} 14. Qc2 {[%emt 0:03:15]} O-O-O {[%emt 0:04:58]} 15. b4 {[%emt 0:07:03]} Nd5 {[%emt 0:22:56]} 16. Kh1 {[%emt 0:03:58]} Bh5 {[%emt 0:06:12]} 17. Qd2 {[%emt 0:11:37]} Rg4 {[%emt 0:04:25]} 18. f3 {[%emt 0:12:13]} Rg7 {[%emt 0:05:03]} 19. Qh6 {[%emt 0:05:01]} Rxg3 {[%emt 0:01:14]} 20. hxg3 {[%emt 0:02:39]} Qxg3 {[%emt 0:02:17]} 21. Nf5 {[%emt 0:10:01]} exf5 {[%emt 0:03:42]} 22. Qxh5 {[%emt 0:00:07]} Nxc3 {[%emt 0:04:15]} 23. Qxf5+ {[%emt 0:04:04]} Kb8 {[%emt 0:00:19]} 24. Qg4 {[%emt 0:05:03]} Qd6 {[%emt 0:03:01]} 25. Rfe1 {[%emt 0:01:11]} Qxb4 {[%emt 0:02:10]} 26. Qf4+ {[%emt 0:01:01]} Ka8 {[%emt 0:07:22]} 27. Qxf6 {[%emt 0:00:24]} Qa5 {[%emt 0:00:52]} 28. Re5 {[%emt 0:01:07]} Nd5 {[%emt 0:01:30]} 29. Qxf7 {[%emt 0:01:04]} Qd2 {[%emt 0:01:54]} 30. Re8 {[%emt 0:02:25]} Qg5 {[%emt 0:03:03]} 31. Bh3 {[%emt 0:01:59]} a6 {[%emt 0:04:35]} 32. Rb1 {[%emt 0:00:47]} Nb6 {[%emt 0:00:20]} 33. Rxb6 {[%emt 0:02:35]} Qc1+ {[%emt 0:01:41]} 34. Kg2 {[%emt 0:01:28]} Qg5+ {[%emt 0:00:31]} 35. Bg4 {[%emt 0:00:33]} Qd2+ {[%emt 0:00:27]} 36. Kh3 {[%emt 0:00:08]} Qh6+ {[%emt 0:00:27]} 37. Bh5 1-0

[Event "EIWCC 2017"]
[Site "Riga"]
[Date "2017.04.14"]
[Round "4"]
[White "Exler, Veronika"]
[Black "Gundogan, Sinem Cagla"]
[Result "0-1"]
[WhiteElo "2208"]
[BlackElo "1885"]
[Annotator "NA"]
[PlyCount "70"]
[EventDate "2017.??.??"]
[EventType "swiss"]
[EventCountry "LAT"]
[SourceTitle "playchess.com"]
[Source "ChessBase"]
[SourceQuality "1"]
[TimeControl "40/5400+30:1800+30"]

1. d4 {[%emt 0:00:00]} d5 {[%emt 0:00:05]} 2. c4 {[%emt 0:00:00]} c6 {[%emt 0:00:03]} 3. Nf3 {[%emt 0:00:00]} e6 {[%emt 0:00:05]} 4. Qb3 {[%emt 0:01:18]} f5 {[%emt 0:00:39]} 5. g3 {[%emt 0:03:37]} Nf6 {[%emt 0:00:11]} 6. Bg2 {[%emt 0:00:06]} Bd6 {[%emt 0:00:14]} 7. O-O {[%emt 0:00:44]} O-O {[%emt 0:00:10]} 8. Bf4 {[%emt 0:02:52]} Bxf4 {[%emt 0:01:47]} 9. gxf4 {[%emt 0:00:04]} Ne4 {[%emt 0:00:14]} 10. Nbd2 {[%emt 0:21:31]} Kh8 {[%emt 0:08:07]} 11. Rad1 {[%emt 0:03:19]} Nd7 {[%emt 0:10:25]} 12. Ne5 {[%emt 0:16:47]} Nxe5 {[%emt 0:02:45]} 13. dxe5 {[%emt 0:00:02]} Qh4 {[%emt 0:02:05]} 14. e3 {[%emt 0:04:30]} b6 {[%emt 0:04:15]} 15. Nf3 {[%emt 0:04:29]} Qh6 {[%emt 0:01:41]} 16. Qa3 {[%emt 0:02:05]} Bb7 {[%emt 0:03:03]} 17. Nd4 {[%emt 0:23:34]} Rfe8 {[%emt 0:21:58]} 18. cxd5 {[%emt 0:03:25]} cxd5 {[%emt 0:02:14]} 19. Nb5 {[%emt 0:02:21]} g5 {[%emt 0:01:00]} 20. f3 {[%emt 0:05:38]} gxf4 {[%emt 0:06:21]} 21. exf4 {[%emt 0:00:01]} Nc5 {[%emt 0:01:10]} 22. b4 {[%emt 0:00:05]} Ba6 {[%emt 0:11:14]} 23. Nd6 {[%emt 0:01:14]} Re7 {[%emt 0:00:20]} 24. Rf2 {[%emt 0:01:13]} Nd3 {[%emt 0:01:40]} 25. Rxd3 {[%emt 0:02:00]} Bxd3 {[%emt 0:00:06]} 26. Qxd3 {[%emt 0:00:03]} Qxf4 {[%emt 0:00:09]} 27. Qc3 {[%emt 0:00:44]} d4 {[%emt 0:01:41]} 28. Qc6 {[%emt 0:00:43]} Rg8 {[%emt 0:00:16]} 29. Nc4 {[%emt 0:01:23]} Qc1+ {[%emt 0:01:16]} 30. Rf1 {[%emt 0:00:13]} Qc2 {[%emt 0:00:38]} 31. Rf2 {[%emt 0:00:22]} Qd1+ {[%emt 0:00:29]} 32. Rf1 {[%emt 0:00:11]} Qe2 {[%emt 0:00:16]} 33. Rf2 {[%emt 0:00:28]} Qe1+ {[%emt 0:00:46]} 34. Rf1 {[%emt 0:00:01]} Rxg2+ {[%emt 0:00:12]} 35. Kxg2 {[%emt 0:00:17]} Rg7+ {[%emt 0:00:06]} 0-1

[Event "EIWCC 2017"]
[Site "Riga"]
[Date "2017.04.14"]
[Round "4"]
[White "Balajayeva, Khanim"]
[Black "Warakomska, Anna"]
[Result "0-1"]
[WhiteElo "2196"]
[BlackElo "2343"]
[Annotator "NA"]
[PlyCount "90"]
[EventDate "2017.??.??"]
[EventType "swiss"]
[EventCountry "LAT"]
[SourceTitle "playchess.com"]
[Source "ChessBase"]
[SourceQuality "1"]
[TimeControl "40/5400+30:1800+30"]

1. e4 {[%emt 0:00:00]} c5 {[%emt 0:00:14]} 2. c3 {[%emt 0:00:00]} d5 {[%emt 0:01:04]} 3. exd5 {[%emt 0:01:30]} Qxd5 {[%emt 0:00:04]} 4. d4 {[%emt 0:00:05]} Nc6 {[%emt 0:00:15]} 5. Nf3 {[%emt 0:00:26]} Bf5 {[%emt 0:00:35]} 6. Be3 {[%emt 0:04:48]} Nf6 {[%emt 0:00:32]} 7. Nbd2 {[%emt 0:03:39]} cxd4 {[%emt 0:00:29]} 8. Bc4 {[%emt 0:03:03]} dxe3 {[%emt 0:01:17]} 9. Bxd5 {[%emt 0:00:24]} exd2+ {[%emt 0:00:05]} 10. Qxd2 {[%emt 0:00:31]} O-O-O {[%emt 0:00:04]} 11. Qf4 {[%emt 0:15:33]} Rxd5 {[%emt 0:00:21]} 12. O-O {[%emt 0:00:27]} e6 {[%emt 0:00:50]} 13. Rfd1 {[%emt 0:03:52]} Bd6 {[%emt 0:01:26]} 14. Qa4 {[%emt 0:01:49]} Rd8 {[%emt 0:04:07]} 15. Rxd5 {[%emt 0:18:57]} Nxd5 {[%emt 0:00:32]} 16. Nd4 {[%emt 0:02:12]} Nb6 {[%emt 0:05:35]} 17. Qb5 {[%emt 0:00:40]} Nxd4 {[%emt 0:03:03]} 18. cxd4 {[%emt 0:00:04]} Kb8 {[%emt 0:00:43]} 19. Rd1 {[%emt 0:06:23]} Nd5 {[%emt 0:02:13]} 20. h3 {[%emt 0:04:19]} Nf4 {[%emt 0:06:21]} 21. Qb3 {[%emt 0:02:26]} Be4 {[%emt 0:05:27]} 22. f3 {[%emt 0:02:44]} Bc6 {[%emt 0:04:49]} 23. Qc2 {[%emt 0:02:17]} g6 {[%emt 0:01:41]} 24. Qf2 {[%emt 0:01:05]} g5 {[%emt 0:04:19]} 25. Qe3 {[%emt 0:04:14]} h5 {[%emt 0:05:57]} 26. Rd2 {[%emt 0:05:52]} Rg8 {[%emt 0:04:18]} 27. Rc2 {[%emt 0:01:59]} Bd5 {[%emt 0:07:51]} 28. Rf2 {[%emt 0:03:39]} Rc8 {[%emt 0:03:22]} 29. b3 {[%emt 0:01:17]} b6 {[%emt 0:00:52]} 30. Qd2 {[%emt 0:02:54]} Bb7 {[%emt 0:06:52]} 31. Rf1 {[%emt 0:02:31]} Ba6 {[%emt 0:01:01]} 32. Rd1 {[%emt 0:01:18]} Be2 {[%emt 0:04:44]} 33. Rc1 {[%emt 0:01:18]} Rxc1+ {[%emt 0:00:16]} 34. Qxc1 {[%emt 0:00:04]} Bxf3 {[%emt 0:00:24]} 35. Qb1 {[%emt 0:00:34]} Bxg2 {[%emt 0:00:50]} 36. Qh7 {[%emt 0:00:14]} Bd5 {[%emt 0:01:04]} 37. Kf1 {[%emt 0:01:34]} Bg2+ {[%emt 0:05:12]} 38. Kf2 {[%emt 0:01:17]} Bxh3 {[%emt 0:00:29]} 39. Qg8+ {[%emt 0:00:40]} Kb7 {[%emt 0:00:11]} 40. Qxg5 {[%emt 0:00:00]} f5 {[%emt 0:02:24]} 41. b4 {[%emt 0:06:22]} Bg2 {[%emt 0:03:53]} 42. Qh6 {[%emt 0:01:13]} Bd5 {[%emt 0:00:20]} 43. a4 {[%emt 0:00:31]} Nd3+ {[%emt 0:01:03]} 44. Kg1 {[%emt 0:00:33]} Nxb4 {[%emt 0:00:30]} 45. Qxh5 {[%emt 0:00:07]} f4 {[%emt 0:00:22]} 0-1

[Event "EIWCC 2017"]
[Site "Riga"]
[Date "2017.04.14"]
[Round "4"]
[White "Pavlidou, Ekaterini"]
[Black "Babiy, Olga"]
[Result "1/2-1/2"]
[WhiteElo "2180"]
[BlackElo "2359"]
[Annotator "NA"]
[PlyCount "100"]
[EventDate "2017.??.??"]
[EventType "swiss"]
[EventCountry "LAT"]
[SourceTitle "playchess.com"]
[Source "ChessBase"]
[SourceQuality "1"]
[TimeControl "40/5400+30:1800+30"]

1. d4 {[%emt 0:00:00]} Nf6 {[%emt 0:00:05]} 2. c4 {[%emt 0:00:00]} e6 {[%emt 0:00:04]} 3. g3 {[%emt 0:00:07]} d5 {[%emt 0:00:50]} 4. Nf3 {[%emt 0:00:13]} Bb4+ {[%emt 0:00:07]} 5. Bd2 {[%emt 0:00:36]} Bxd2+ {[%emt 0:00:06]} 6. Qxd2 {[%emt 0:01:59]} O-O {[%emt 0:00:12]} 7. Bg2 {[%emt 0:01:03]} Qe7 {[%emt 0:00:37]} 8. O-O {[%emt 0:02:21]} dxc4 {[%emt 0:01:55]} 9. Qc2 {[%emt 0:04:00]} b5 {[%emt 0:10:31]} 10. a4 {[%emt 0:02:05]} c6 {[%emt 0:07:21]} 11. Ne5 {[%emt 0:14:15]} Bb7 {[%emt 0:03:38]} 12. b3 {[%emt 0:01:46]} cxb3 {[%emt 0:06:36]} 13. Qxb3 {[%emt 0:00:22]} b4 {[%emt 0:00:26]} 14. Nd2 {[%emt 0:09:06]} Rd8 {[%emt 0:02:42]} 15. Qb2 {[%emt 0:03:38]} Nd5 {[%emt 0:04:53]} 16. Ne4 {[%emt 0:05:00]} Na6 {[%emt 0:08:43]} 17. Rfc1 {[%emt 0:02:30]} Rdc8 {[%emt 0:06:34]} 18. Nd3 {[%emt 0:04:52]} Rab8 {[%emt 0:01:31]} 19. a5 {[%emt 0:00:53]} Nac7 {[%emt 0:03:12]} 20. e3 {[%emt 0:17:08]} f6 {[%emt 0:15:27]} 21. Nec5 {[%emt 0:04:52]} Ba6 {[%emt 0:02:16]} 22. Nf4 {[%emt 0:03:59]} Bb5 {[%emt 0:01:58]} 23. e4 {[%emt 0:05:29]} Nxf4 {[%emt 0:02:33]} 24. gxf4 {[%emt 0:00:06]} Na6 {[%emt 0:00:03]} 25. Qb3 {[%emt 0:00:32]} Nxc5 {[%emt 0:01:03]} 26. Rxc5 {[%emt 0:01:01]} Qd6 {[%emt 0:00:41]} 27. f5 {[%emt 0:00:35]} Qxd4 {[%emt 0:01:07]} 28. Rac1 {[%emt 0:00:04]} Re8 {[%emt 0:04:19]} 29. fxe6 {[%emt 0:00:56]} Qd3 {[%emt 0:00:06]} 30. Qxb4 {[%emt 0:04:07]} Rxe6 {[%emt 0:02:02]} 31. e5 {[%emt 0:04:40]} Rd8 {[%emt 0:05:42]} 32. Be4 {[%emt 0:00:21]} Rd4 {[%emt 0:03:42]} 33. Bxd3 {[%emt 0:01:35]} Rxb4 {[%emt 0:00:01]} 34. Bxb5 {[%emt 0:00:40]} Rxb5 {[%emt 0:04:40]} 35. Rxc6 {[%emt 0:00:28]} Rxc6 {[%emt 0:01:02]} 36. Rxc6 {[%emt 0:00:01]} Rxa5 {[%emt 0:00:45]} 37. exf6 {[%emt 0:00:22]} g6 {[%emt 0:00:37]} 38. Rc7 {[%emt 0:00:16]} h5 {[%emt 0:00:41]} 39. Rg7+ {[%emt 0:05:46]} Kf8 {[%emt 0:00:02]} 40. Rxg6 {[%emt 0:00:00]} Kf7 {[%emt 0:00:41]} 41. Rh6 {[%emt 0:00:40]} Rg5+ {[%emt 0:02:20]} 42. Kf1 {[%emt 0:00:44]} a5 {[%emt 0:00:12]} 43. h3 {[%emt 0:04:29]} Rf5 {[%emt 0:01:36]} 44. Kg2 {[%emt 0:03:24]} a4 {[%emt 0:02:58]} 45. Rh7+ {[%emt 0:00:09]} Kxf6 {[%emt 0:00:04]} 46. Ra7 {[%emt 0:00:04]} Rf4 {[%emt 0:00:07]} 47. Kg3 {[%emt 0:00:33]} Rb4 {[%emt 0:00:13]} 48. Ra6+ {[%emt 0:01:56]} Kf5 {[%emt 0:02:06]} 49. Ra5+ {[%emt 0:00:11]} Kg6 {[%emt 0:00:08]} 50. Ra6+ {[%emt 0:00:05]} Kf5 {[%emt 0:00:04]} 1/2-1/2

[Event "EIWCC 2017"]
[Site "Riga"]
[Date "2017.04.14"]
[Round "4"]
[White "Sazonova, Anastasia"]
[Black "Khomeriki, Nino"]
[Result "1/2-1/2"]
[WhiteElo "2143"]
[BlackElo "2308"]
[Annotator "NA"]
[PlyCount "120"]
[EventDate "2017.??.??"]
[EventType "swiss"]
[EventCountry "LAT"]
[SourceTitle "playchess.com"]
[Source "ChessBase"]
[SourceQuality "1"]
[TimeControl "40/5400+30:1800+30"]

1. d4 {[%emt 0:00:00]} Nf6 {[%emt 0:00:25]} 2. c4 {[%emt 0:00:00]} e6 {[%emt 0:00:05]} 3. Nf3 {[%emt 0:00:14]} d5 {[%emt 0:00:27]} 4. Nc3 {[%emt 0:00:20]} Bb4 {[%emt 0:00:48]} 5. Qb3 {[%emt 0:00:31]} c5 {[%emt 0:00:19]} 6. dxc5 {[%emt 0:00:32]} Nc6 {[%emt 0:00:14]} 7. Bg5 {[%emt 0:00:47]} dxc4 {[%emt 0:04:36]} 8. Qxc4 {[%emt 0:00:52]} Qa5 {[%emt 0:00:18]} 9. Bxf6 {[%emt 0:00:32]} gxf6 {[%emt 0:00:06]} 10. Rc1 {[%emt 0:00:27]} Qxc5 {[%emt 0:00:22]} 11. Qh4 {[%emt 0:01:03]} Ke7 {[%emt 0:00:32]} 12. g3 {[%emt 0:00:52]} Bxc3+ {[%emt 0:02:14]} 13. bxc3 {[%emt 0:01:20]} b6 {[%emt 0:06:53]} 14. Bg2 {[%emt 0:00:25]} Ba6 {[%emt 0:01:13]} 15. Nd2 {[%emt 0:02:39]} Rac8 {[%emt 0:04:15]} 16. Ne4 {[%emt 0:01:26]} Qf5 {[%emt 0:05:33]} 17. g4 {[%emt 0:02:29]} Qg6 {[%emt 0:04:41]} 18. f4 {[%emt 0:01:41]} Rhg8 {[%emt 0:20:00]} 19. h3 {[%emt 0:14:18]} Nd4 {[%emt 0:05:00]} 20. Rd1 {[%emt 0:07:07]} Nxe2 {[%emt 0:11:38]} 21. Nxf6 {[%emt 0:06:07]} Nxf4 {[%emt 0:22:19]} 22. Nd5+ {[%emt 0:13:18]} Kf8 {[%emt 0:00:16]} 23. Qe7+ {[%emt 0:09:06]} Kg7 {[%emt 0:00:17]} 24. Nxf4 {[%emt 0:00:16]} Qh6 {[%emt 0:02:31]} 25. Nh5+ {[%emt 0:01:14]} Kh8 {[%emt 0:00:06]} 26. Qf6+ {[%emt 0:00:25]} Qxf6 {[%emt 0:00:06]} 27. Nxf6 {[%emt 0:00:03]} Rg5 {[%emt 0:00:07]} 28. Kf2 {[%emt 0:07:16]} Kg7 {[%emt 0:01:03]} 29. Ne4 {[%emt 0:03:02]} Ra5 {[%emt 0:00:07]} 30. Rd2 {[%emt 0:01:30]} f5 {[%emt 0:00:13]} 31. gxf5 {[%emt 0:02:42]} exf5 {[%emt 0:00:08]} 32. Ng3 {[%emt 0:00:44]} Rxc3 {[%emt 0:00:13]} 33. Bd5 {[%emt 0:03:24]} Kf6 {[%emt 0:02:50]} 34. Re1 {[%emt 0:03:18]} Rd3 {[%emt 0:01:14]} 35. Rxd3 {[%emt 0:03:11]} Bxd3 {[%emt 0:00:02]} 36. Bb3 {[%emt 0:01:17]} Rc5 {[%emt 0:00:54]} 37. Rd1 {[%emt 0:02:49]} Bb5 {[%emt 0:02:02]} 38. Rd5 {[%emt 0:04:51]} Rxd5 {[%emt 0:01:28]} 39. Bxd5 {[%emt 0:00:01]} Ke5 {[%emt 0:00:35]} 40. Bg8 {[%emt 0:00:00]} h6 {[%emt 0:00:07]} 41. Ne2 {[%emt 0:03:24]} f4 {[%emt 0:02:32]} 42. Bf7 {[%emt 0:03:11]} Bc6 {[%emt 0:02:36]} 43. Bh5 {[%emt 0:04:46]} b5 {[%emt 0:00:33]} 44. Bf3 {[%emt 0:03:26]} Bd7 {[%emt 0:00:15]} 45. h4 {[%emt 0:01:20]} a5 {[%emt 0:01:22]} 46. Nc1 {[%emt 0:04:06]} a4 {[%emt 0:07:06]} 47. Nd3+ {[%emt 0:06:39]} Kd4 {[%emt 0:00:52]} 48. Nxf4 {[%emt 0:00:38]} b4 {[%emt 0:01:39]} 49. Bd5 {[%emt 0:00:42]} Bg4 {[%emt 0:01:23]} 50. Bf7 {[%emt 0:02:36]} Bf5 {[%emt 0:05:04]} 51. Ke2 {[%emt 0:03:19]} b3 {[%emt 0:06:56]} 52. Bxb3 {[%emt 0:07:45]} axb3 {[%emt 0:00:12]} 53. axb3 {[%emt 0:00:01]} Kc3 {[%emt 0:06:25]} 54. Ke3 {[%emt 0:00:15]} Kxb3 {[%emt 0:00:05]} 55. Kd4 {[%emt 0:00:12]} Bg4 {[%emt 0:00:05]} 56. Ke5 {[%emt 0:00:33]} Kc4 {[%emt 0:00:08]} 57. Kf6 {[%emt 0:01:18]} Kd4 {[%emt 0:00:11]} 58. Kg6 {[%emt 0:00:40]} Ke4 {[%emt 0:00:26]} 59. Nh5 {[%emt 0:00:50]} Bxh5+ {[%emt 0:00:14]} 60. Kxh5 {[%emt 0:00:04]} Kf5 {[%emt 0:00:04]} 1/2-1/2

[Event "EIWCC 2017"]
[Site "Riga"]
[Date "2017.04.14"]
[Round "4"]
[White "Gueci, Tea"]
[Black "Lazarne Vajda, Szidonia"]
[Result "0-1"]
[WhiteElo "2132"]
[BlackElo "2355"]
[Annotator "NA"]
[PlyCount "150"]
[EventDate "2017.??.??"]
[EventType "swiss"]
[EventCountry "LAT"]
[SourceTitle "playchess.com"]
[Source "ChessBase"]
[SourceQuality "1"]
[TimeControl "40/5400+30:1800+30"]

1. e4 {[%emt 0:00:00]} e5 {[%emt 0:00:24]} 2. Nf3 {[%emt 0:00:00]} Nc6 {[%emt 0:00:11]} 3. Bb5 {[%emt 0:00:00]} a6 {[%emt 0:00:25]} 4. Ba4 {[%emt 0:00:00]} Nf6 {[%emt 0:00:30]} 5. Qe2 {[%emt 0:00:00]} Bd6 {[%emt 0:00:59]} 6. c3 {[%emt 0:00:29]} O-O {[%emt 0:00:32]} 7. O-O {[%emt 0:00:28]} Re8 {[%emt 0:00:31]} 8. d3 {[%emt 0:02:11]} h6 {[%emt 0:01:33]} 9. Re1 {[%emt 0:01:50]} Bf8 {[%emt 0:00:47]} 10. Nbd2 {[%emt 0:01:45]} b5 {[%emt 0:02:19]} 11. Bc2 {[%emt 0:02:33]} d5 {[%emt 0:03:07]} 12. Nf1 {[%emt 0:03:02]} d4 {[%emt 0:09:57]} 13. h3 {[%emt 0:05:53]} Be6 {[%emt 0:05:44]} 14. Ng3 {[%emt 0:04:57]} g6 {[%emt 0:04:40]} 15. Bd2 {[%emt 0:05:08]} a5 {[%emt 0:09:20]} 16. Red1 {[%emt 0:21:02]} a4 {[%emt 0:03:34]} 17. a3 {[%emt 0:03:17]} Kh7 {[%emt 0:03:08]} 18. cxd4 {[%emt 0:02:37]} Nxd4 {[%emt 0:01:28]} 19. Nxd4 {[%emt 0:00:08]} exd4 {[%emt 0:01:41]} 20. f4 {[%emt 0:01:58]} c5 {[%emt 0:02:34]} 21. Rf1 {[%emt 0:05:27]} Qc8 {[%emt 0:07:49]} 22. Qf2 {[%emt 0:02:36]} Ng8 {[%emt 0:03:33]} 23. h4 {[%emt 0:09:57]} Bg4 {[%emt 0:07:40]} 24. Bd1 {[%emt 0:06:51]} Bg7 {[%emt 0:04:12]} 25. h5 {[%emt 0:02:18]} Bxd1 {[%emt 0:06:55]} 26. hxg6+ {[%emt 0:00:24]} fxg6 {[%emt 0:00:10]} 27. Raxd1 {[%emt 0:00:02]} Qg4 {[%emt 0:01:07]} 28. Rc1 {[%emt 0:04:10]} Rac8 {[%emt 0:00:20]} 29. e5 {[%emt 0:03:19]} Rf8 {[%emt 0:03:07]} 30. Qe1 {[%emt 0:01:07]} c4 {[%emt 0:00:30]} 31. Rf3 {[%emt 0:00:44]} Ne7 {[%emt 0:03:31]} 32. Bb4 {[%emt 0:00:23]} Rfe8 {[%emt 0:02:41]} 33. Qe4 {[%emt 0:02:28]} cxd3 {[%emt 0:01:58]} 34. Rxc8 {[%emt 0:00:51]} Rxc8 {[%emt 0:00:16]} 35. Qxd3 {[%emt 0:00:41]} Rc1+ {[%emt 0:02:08]} 36. Nf1 {[%emt 0:00:14]} Nf5 {[%emt 0:00:29]} 37. Bd2 {[%emt 0:00:32]} Rd1 {[%emt 0:02:32]} 38. Qxb5 {[%emt 0:01:46]} Rb1 {[%emt 0:01:49]} 39. Qxa4 {[%emt 0:06:50]} Rxb2 {[%emt 0:00:08]} 40. Qc6 {[%emt 0:00:00]} Rb1 {[%emt 0:04:34]} 41. Qe4 {[%emt 0:06:22]} Ra1 {[%emt 0:02:28]} 42. Qa8 {[%emt 0:12:09]} Ng3 {[%emt 0:05:55]} 43. Qd8 {[%emt 0:05:38]} Nxf1 {[%emt 0:05:52]} 44. Rxf1 {[%emt 0:00:11]} Rxf1+ {[%emt 0:00:58]} 45. Kxf1 {[%emt 0:00:02]} Qd1+ {[%emt 0:00:11]} 46. Be1 {[%emt 0:01:14]} d3 {[%emt 0:00:49]} 47. Qa5 {[%emt 0:03:27]} Qe2+ {[%emt 0:00:09]} 48. Kg1 {[%emt 0:00:01]} Qe3+ {[%emt 0:00:11]} 49. Kh2 {[%emt 0:05:06]} Qxf4+ {[%emt 0:00:42]} 50. g3 {[%emt 0:00:47]} Qe4 {[%emt 0:03:21]} 51. Bc3 {[%emt 0:00:14]} Qe2+ {[%emt 0:01:49]} 52. Kh3 {[%emt 0:00:38]} h5 {[%emt 0:01:39]} 53. Qb4 {[%emt 0:01:03]} g5 {[%emt 0:01:14]} 54. Qb7 {[%emt 0:01:16]} d2 {[%emt 0:02:17]} 55. Bxd2 {[%emt 0:00:21]} Qxd2 {[%emt 0:02:37]} 56. Qe4+ {[%emt 0:00:22]} Kg8 {[%emt 0:00:09]} 57. Qc4+ {[%emt 0:00:16]} Kf8 {[%emt 0:00:10]} 58. Qc8+ {[%emt 0:01:15]} Ke7 {[%emt 0:00:22]} 59. Qc5+ {[%emt 0:00:04]} Ke8 {[%emt 0:00:10]} 60. Qc8+ {[%emt 0:00:21]} Qd8 {[%emt 0:00:32]} 61. Qe6+ {[%emt 0:00:08]} Kf8 {[%emt 0:00:54]} 62. Qf5+ {[%emt 0:00:34]} Kg8 {[%emt 0:00:31]} 63. g4 {[%emt 0:01:16]} h4 {[%emt 0:01:44]} 64. e6 {[%emt 0:00:17]} Qf6 {[%emt 0:01:37]} 65. Qd5 {[%emt 0:00:51]} Qc3+ {[%emt 0:02:49]} 66. Kg2 {[%emt 0:00:13]} Qg3+ {[%emt 0:00:33]} 67. Kf1 {[%emt 0:00:18]} Qf4+ {[%emt 0:00:10]} 68. Kg2 {[%emt 0:00:35]} Qxg4+ {[%emt 0:00:16]} 69. Kh1 {[%emt 0:00:51]} Qh3+ {[%emt 0:00:38]} 70. Kg1 {[%emt 0:00:05]} Qe3+ {[%emt 0:00:12]} 71. Kh1 {[%emt 0:00:27]} Qe5 {[%emt 0:03:04]} 72. Qb3 {[%emt 0:01:03]} Qa1+ {[%emt 0:00:32]} 73. Kg2 {[%emt 0:00:12]} Qb2+ {[%emt 0:00:03]} 74. Qxb2 {[%emt 0:00:15]} Bxb2 {[%emt 0:00:04]} 75. a4 {[%emt 0:00:09]} Bc3 {[%emt 0:00:09]} 0-1